LEADER 01390nam a2200337 u 4500 001 000000000589 003 CaOOAMICUS 005 20070226104222.0 008 940517s1982 gw u000 u ger u 020 $a3788706376 035 $a10011187 040 $aPUL$bita 100 1 $aWolff, Hans Walter,$d1911-1993.$0(OLS)http://pul/name/655 245 10$aDodekapropheton.$n4,$pMicha /$cHans Walter Wolff. 246 01$aMicha 260 $aNeukirchen-Vluyn :$bNeukirchener Verlag,$c1982. 300 $axli, 232 p. ;$c25 cm 490 1 $aBiblischer Kommentar.$aAltes Testament ;$v14/4 500 $aComprende indici e indicazioni bibliografiche. 630 04$aBiblia.$pV.T.$pMichaeas$xCommenti.$0(OLS)http://pul/subject/630 730 0 $aBiblia.$pV.T.$pMichaeas.$lTedesco.$0(OLS)http://pul/title/805 830 0$aBiblischer Kommentar.$pAltes Testament ;$v14/4.$0(OLS)http://pul/title/804 850 $aPUL 852 $aPUL$W1$xSL Religione 1$y3$m1(6) L 14/4$j741$nBK-PRI$b $qStampati$B741$CPULBib$Z2$F741 $H $81 941 1 $a8 961 $aINV: 51457 983 0$aBKAT. 996 $6020$a3788706376$9(OLS)http://pul/number/755 996 $6245$aDodekapropheton.$n4,$pMicha$9(OLS)http://pul/title/802 996 $6246$aMicha$9(OLS)http://pul/title/803 996 $6260$aNeukirchen-Vluyn :$bNeukirchener Verlag$9(OLS)http://pul/publisher/48213 LEADER 01822nam a2200409 u 4500 001 000000014766 003 CaOOAMICUS 005 20070226105812.0 008 940517s1993 it u000 u ita u 020 $a880505299X 035 $a10346972 040 $aEFR$bita 041 1 $aita$alat 100 0 $aArnobius Iunior,$dm. 450.$0(OLS)http://pul/name/2483 240 10$aConflictus cum Serapione$9(Arnobius Iunior, m. 450).$lItalian and latin.$0(OLS)http://pul/title/21190 245 10$aDisputa tra Arnobio e Serapione /$cArnobio il Giovane ; edizione critica con introduzione, traduzione, note e indici a cura di Franco Gori. 246 35$aConflictus Arnobii et Serapionis 260 $aTorino :$bSocietà editrice internazionale,$c1993. 300 $a394 p. ;$c23 cm 490 1 $aCorona Patrum ;$v14 500 $aTesto latino e trad. italiana a fronte. 500 $aComprende indici. 500 $aFront. agg. in latino. 504 $aBibliografia: p. 53-56. 600 04$aSerapion Thmuitanus,$d morto circa 362.$0(OLS)http://pul/subject/9698 600 04$aArnobius Iunior,$dm. 450.$0(OLS)http://pul/subject/10300 700 1 $aGori, Franco.$0(OLS)http://pul/name/2125 830 0$aCorona Patrum ;$v14.$0(OLS)http://pul/title/2178 850 $aPUL 852 $aPUL$W1$xSL Religione 1$y3$m17 N 14$j20695$nBK-PRI$b $qStampati$B20695$CPULBib$Z2$F20695 $H $81 900 $aArnobio il Giovane,$dm. 450$92483 941 1 $a8 961 $aINV: 70532 996 $6020$a880505299X$9(OLS)http://pul/number/18764 996 $6245$aDisputa tra Arnobio e Serapione$9(OLS)http://pul/title/21191 996 $6246$aConflictus Arnobii et Serapionis$9(OLS)http://pul/title/21192 996 $6260$aTorino :$bSocietà editrice internazionale$9(OLS)http://pul/publisher/48156